[Event "Cto Aragón Equipos DH Gr II"]
[Site "Aragon"]
[Date "2015.02.14"]
[Round "4.22"]
[White "Glavina, Pablo"]
[Black "Martinez Cebolla, Alberto"]
[Result "1-0"]
[WhiteElo "2418"]
[BlackElo "2050"]
[PlyCount "69"]
[EventDate "2015.01.24"]
[WhiteTeam "St. Casablanca"]
[BlackTeam "Ibercaja"]

1. e4 e5 2. Nf3 Nc6 3. Nc3 Nf6 4. d4 exd4 5. Nxd4 Bb4 6. Nxc6 bxc6 7. Bd3 d5 8.
exd5 cxd5 9. O-O O-O 10. Bg5 c6 11. Na4 Be7 12. Re1 Rb8 13. c3 h6 14. Bh4 Be6
15. Bc2 Re8 16. Qd4 a5 17. Re3 Ng4 18. Rxe6 fxe6 19. Bxe7 Qxe7 20. Qxg4 Qf6 21.
Rf1 e5 22. Bg6 Red8 23. h4 Qd6 24. Qg3 Rf8 25. h5 Rf4 26. b3 Qa3 27. Bb1 c5 28.
Qg6 e4 29. Qe6+ Kh8 30. Qxd5 Rbf8 31. Qxc5 Qxc5 32. Nxc5 R8f5 33. Nxe4 Rxh5 34.
Rd1 Rfh4 35. Rd8+ 1-0

[Event "Cto Aragón Equipos DH Gr II"]
[Site "Aragon"]
[Date "2015.02.14"]
[Round "4.23"]
[White "Jimenez Fernandez, Alejandro"]
[Black "Quintin Navarro, Alberto"]
[Result "0-1"]
[WhiteElo "2007"]
[BlackElo "2331"]
[PlyCount "50"]
[EventDate "2015.01.24"]
[WhiteTeam "Ibercaja"]
[BlackTeam "St. Casablanca"]

1. d4 Nf6 2. Nf3 g6 3. c4 Bg7 4. Nc3 d6 5. e4 O-O 6. Be2 Bg4 7. O-O Nfd7 8. Be3
c5 9. d5 Na6 10. Qd2 Re8 11. Ng5 Bxe2 12. Nxe2 h6 13. Nh3 Kh7 14. f4 e6 15. Ng3
exd5 16. cxd5 Nf6 17. f5 Nxe4 18. Nxe4 Rxe4 19. fxg6+ fxg6 20. Rf7 Re7 21. Ng5+
hxg5 22. Bxg5 Rxf7 23. Bxd8 Rxd8 24. Re1 Rdf8 25. b3 Bd4+ 0-1

[Event "Cto Aragón Equipos DH Gr II"]
[Site "Aragon"]
[Date "2015.02.14"]
[Round "4.24"]
[White "Lopez Gracia, Fernando"]
[Black "Garcia Monterde, Francisco Jos"]
[Result "1/2-1/2"]
[WhiteElo "2327"]
[BlackElo "1939"]
[PlyCount "166"]
[EventDate "2015.01.24"]
[WhiteTeam "St. Casablanca"]
[BlackTeam "Ibercaja"]

1. e4 c5 2. Nf3 e6 3. c4 Nc6 4. Nc3 a6 5. Be2 Nf6 6. O-O Be7 7. d4 cxd4 8. Nxd4
Qc7 9. Be3 d6 10. Rc1 O-O 11. Nd5 Qd8 12. Nxe7+ Qxe7 13. c5 d5 14. Nxc6 bxc6
15. e5 Nd7 16. Qa4 Bb7 17. f4 f6 18. Bd4 fxe5 19. fxe5 Qg5 20. Qa5 Rac8 21. Qc3
Rxf1+ 22. Rxf1 Rf8 23. g3 Rxf1+ 24. Bxf1 Nf8 25. h4 Qg4 26. Qe3 Bc8 27. Be2 Qf5
28. Bd3 Qg4 29. Be2 Qf5 30. Kh2 Qc2 31. Qd3 Qc1 32. Qd1 Qxd1 33. Bxd1 Kf7 34.
Kg2 Nd7 35. Kf3 Nf8 36. Ke3 Ke7 37. Kd3 Kd8 38. Kc3 Kc7 39. Kb4 Kb8 40. Bc2 Ka7
41. Bd3 h6 42. h5 Nd7 43. Bc3 Nf8 44. Bd4 Nd7 45. Ka5 Nf8 46. b4 Nd7 47. a4 Nf8
48. b5 axb5 49. axb5 Bb7 50. Be2 Nd7 51. Bg4 Nf8 52. Bh3 Ba8 53. Bg4 Bb7 54.
Bf3 Nd7 55. Bxd5 cxd5 56. c6+ Kb8 57. cxd7 Kc7 58. Bc5 Kxd7 59. Bf8 d4 60. Bxg7
Kc7 61. Bxh6 Bf3 62. Ka6 Kb8 63. Kb6 Bxh5 64. Kc6 d3 65. Kd6 Bg4 66. Be3 Kb7
67. Ke7 d2 68. Bxd2 Kb6 69. Kf6 Kxb5 70. Kg5 Bh3 71. Kh4 Bf1 72. g4 Kc6 73. g5
Kd7 74. g6 Ke8 75. Bb4 Bd3 76. Kg5 Be4 77. Kf6 Bf5 78. Bc5 Bd3 79. g7 Bh7 80.
Kxe6 Bg8+ 81. Kf6 Bh7 82. e6 Bg8 83. Bb4 Kd8 1/2-1/2

[Event "Cto Aragón Equipos DH Gr II"]
[Site "Aragon"]
[Date "2015.02.14"]
[Round "4.25"]
[White "Donoso Sanchez, Alejandro"]
[Black "Fernandez Rubio, Rafael"]
[Result "1-0"]
[WhiteElo "2218"]
[BlackElo "2114"]
[PlyCount "62"]
[EventDate "2015.01.24"]
[WhiteTeam "CMU Cerbuna"]
[BlackTeam "Tauste"]

1. e4 d6 2. d4 Nf6 3. Nc3 e5 4. Nge2 Nbd7 5. f3 c6 6. g4 exd4 7. Qxd4 Ne5 8.
Bg2 h5 9. g5 Bh3 10. Qf2 Bxg2 11. Qxg2 Nfd7 12. f4 Nc4 13. b3 Ncb6 14. Be3 Qe7
15. O-O d5 16. e5 O-O-O 17. Kh1 Kb8 18. a4 f6 19. a5 Nc8 20. Bd4 fxe5 21. fxe5
Ka8 22. Nf4 Qe8 23. a6 Ndb6 24. axb7+ Kxb7 25. Qe2 c5 26. Qa6+ Kb8 27. Nb5 cxd4
28. Nxa7 Qd7 29. Nxc8 Nxc8 30. Ra5 Qa7 31. Rb5+ Ka8 1-0

[Event "Cto Aragón Equipos DH Gr II"]
[Site "Aragon"]
[Date "2015.02.14"]
[Round "4.26"]
[White "Sierra Aguerri, Joaquin"]
[Black "Sacristan Latorre, Alberto"]
[Result "1-0"]
[WhiteElo "2053"]
[BlackElo "2021"]
[PlyCount "69"]
[EventDate "2015.01.24"]
[WhiteTeam "Tauste"]
[BlackTeam "CMU Cerbuna"]

1. e4 c5 2. Nc3 d6 3. f4 g6 4. Nf3 Bg7 5. Bb5+ Bd7 6. Bc4 Nc6 7. O-O e6 8. d3
Nge7 9. Qe1 Nd4 10. Nxd4 cxd4 11. Nb5 Qb6 12. a4 a6 13. a5 Qc6 14. Na3 d5 15.
Bb3 O-O 16. Bd2 Rfe8 17. Bb4 dxe4 18. dxe4 Qc7 19. Rd1 Rad8 20. Rd3 Bb5 21.
Nxb5 axb5 22. Bd2 Nc6 23. Qh4 Qe7 24. Qf2 Qf6 25. h4 Ra8 26. f5 exf5 27. Bg5
Qd6 28. exf5 Ne5 29. fxg6 Qxg6 30. Rg3 Kh8 31. h5 Qxh5 32. Bf6 Rg8 33. Rg5 Qh6
34. Rxg7 Ng4 35. Rxg4+ 1-0

[Event "Cto Aragón Equipos DH Gr II"]
[Site "Aragon"]
[Date "2015.02.14"]
[Round "4.27"]
[White "Colom Sienes, Eduardo"]
[Black "Bogomilov Georgiev, Georgi Ii"]
[Result "1-0"]
[WhiteElo "2005"]
[BlackElo "2015"]
[PlyCount "119"]
[EventDate "2015.01.24"]
[WhiteTeam "CMU Cerbuna"]
[BlackTeam "Tauste"]

1. e4 d5 2. exd5 Nf6 3. Bb5+ Bd7 4. Bc4 Bg4 5. f3 Bc8 6. Nc3 Nbd7 7. Nge2 Nb6
8. Bb3 Nfxd5 9. O-O e6 10. d4 Nxc3 11. Nxc3 c5 12. Qe2 cxd4 13. Rd1 Bd7 14. Nb5
Bxb5 15. Qxb5+ Qd7 16. Qe5 Bd6 17. Qxg7 O-O-O 18. Bg5 Rdg8 19. Qxd4 Qb5 20.
Qc3+ Qc5+ 21. Be3 Qxc3 22. bxc3 Rd8 23. a4 Kc7 24. a5 Nc8 25. c4 b6 26. axb6+
axb6 27. Bd4 Rhg8 28. c3 e5 29. c5 bxc5 30. Be3 Rgf8 31. Rdb1 f5 32. Bd5 Rd7
33. Rb7+ Kd8 34. Rxd7+ Kxd7 35. Ra6 Rf6 36. Kf1 Kc7 37. Rc6+ Kd7 38. Bxc5 Rh6
39. Bxd6 Nxd6 40. h3 Rh4 41. Ra6 Nc4 42. Ke2 Nb2 43. Be6+ Ke7 44. Bxf5 Na4 45.
Ra7+ Kf6 46. Rxh7 Rc4 47. Bd3 Rc5 48. Rh6+ Kg5 49. Rg6+ Kh5 50. g4+ Kh4 51. Kf2
Nxc3 52. Rh6+ Kg5 53. Rh5+ Kf6 54. Rf5+ Kg7 55. h4 Rd5 56. Be4 Rd2+ 57. Ke3
Re2+ 58. Kd3 Nxe4 59. Kxe2 Ng3+ 60. Ke3 1-0

[Event "Cto Aragón Equipos DH Gr II"]
[Site "Aragon"]
[Date "2015.02.14"]
[Round "4.28"]
[White "Sancho Casale, Jesus"]
[Black "Biarge Carnicer, Arturo"]
[Result "1-0"]
[WhiteElo "1980"]
[BlackElo "1878"]
[PlyCount "84"]
[EventDate "2015.01.24"]
[WhiteTeam "Tauste"]
[BlackTeam "CMU Cerbuna"]

1. e4 c5 2. Nf3 d6 3. d4 Nf6 4. Nc3 cxd4 5. Nxd4 a6 6. Be3 e5 7. Nb3 Be6 8. f3
Be7 9. Qd2 d5 10. exd5 Nxd5 11. Nxd5 Qxd5 12. Qxd5 Bxd5 13. O-O-O Bc6 14. Na5
O-O 15. Nxc6 Nxc6 16. Bb6 Bd8 17. Bc5 Bg5+ 18. Kb1 Rfd8 19. Bd3 g6 20. h4 Bf6
21. h5 Kg7 22. Bb6 Rd7 23. hxg6 hxg6 24. Be4 Rh8 25. Rhe1 Nb8 26. a3 Be7 27. g4
Rf8 28. Rg1 Kf6 29. c4 Ke6 30. b4 Bd6 31. Rd5 f5 32. gxf5+ gxf5 33. Rg6+ Rf6
34. Rxf6+ Kxf6 35. Bc2 Ke6 36. Ba7 Nc6 37. Bf2 Ne7 38. Rd1 Bc7 39. Rh1 Kf6 40.
Rh6+ Ng6 41. Rh5 Ne7 42. Rh7 Ng6 1-0

[Event "Cto Aragón Equipos DH Gr II"]
[Site "Aragon"]
[Date "2015.02.14"]
[Round "4.29"]
[White "Guzman Moneo, Alberto"]
[Black "Del Rey, Diego"]
[Result "0-1"]
[WhiteElo "2216"]
[BlackElo "2390"]
[PlyCount "100"]
[EventDate "2015.01.24"]
[WhiteTeam "Helios"]
[BlackTeam "El Olivar"]

1. e4 e6 2. d4 d5 3. Nc3 Nc6 4. Nf3 Nf6 5. exd5 exd5 6. Bb5 Bg4 7. h3 Bxf3 8.
Qxf3 a6 9. Bxc6+ bxc6 10. O-O Be7 11. Bg5 O-O 12. Rfe1 Rb8 13. Rab1 h6 14. Bh4
Qd7 15. Qe2 Rfe8 16. Qxa6 g5 17. Bg3 Nh5 18. Qd3 Bd6 19. Be5 Bxe5 20. dxe5 Nf4
21. Qf3 Ng6 22. Qg3 Re7 23. Na4 Qf5 24. Qc3 Nxe5 25. Nc5 Rbe8 26. Re3 Nc4 27.
Rf3 Qe5 28. Qb4 Qe2 29. Rc3 Nd2 30. Ra1 h5 31. Qd4 h4 32. Nd3 Re6 33. Kh2 Ne4
34. Rb3 Qxc2 35. f4 Nd2 36. Nb4 Nxb3 37. Nxc2 Nxd4 38. Nxd4 Re4 39. Nxc6 Rc4
40. Ne5 Rxf4 41. Nd3 Rd4 42. Ne1 Rd2 43. b4 Ree2 44. a4 Ra2 45. Rc1 Rxa4 46.
Nf3 Raa2 47. Rxc7 Rxg2+ 48. Kh1 Rgf2 49. Rc3 Ra1+ 50. Ng1 Rff1 0-1

[Event "Cto Aragón Equipos DH Gr II"]
[Site "Aragon"]
[Date "2015.02.14"]
[Round "4.30"]
[White "Chueca Forcen, Alberto"]
[Black "Cerrajeria Ruiz, Jesus Maria"]
[Result "1-0"]
[WhiteElo "2305"]
[BlackElo "2163"]
[PlyCount "53"]
[EventDate "2015.01.24"]
[WhiteTeam "El Olivar"]
[BlackTeam "Helios"]

1. f4 e5 2. fxe5 d6 3. exd6 Bxd6 4. Nf3 g5 5. c3 g4 6. Qa4+ Nc6 7. Nd4 Qh4+ 8.
g3 Bxg3+ 9. hxg3 Qxh1 10. Nb5 Be6 11. Nxc7+ Kd7 12. Nxa8 Nge7 13. Qb5 Kc8 14.
d3 Kb8 15. Nb6 axb6 16. Qxb6 Nd5 17. Qf2 Re8 18. Na3 Ka8 19. Nb5 Bf5 20. Qxf5
Ne5 21. Kf2 Re6 22. Bg2 Qd1 23. Bxd5 Nf3 24. Bxf3 gxf3 25. Qxf3 Re5 26. Bf4
Qxa1 27. Bxe5 1-0

[Event "Cto Aragón Equipos DH Gr II"]
[Site "Aragon"]
[Date "2015.02.14"]
[Round "4.31"]
[White "Navarro Alonso, Jorge"]
[Black "Palacios Latasa, Elias"]
[Result "1/2-1/2"]
[WhiteElo "2145"]
[BlackElo "2248"]
[PlyCount "103"]
[EventDate "2015.01.24"]
[WhiteTeam "Helios"]
[BlackTeam "El Olivar"]

1. e4 c5 2. Nc3 Nc6 3. Nf3 g6 4. d4 cxd4 5. Nxd4 Bg7 6. Be3 Nf6 7. Bc4 O-O 8.
Bb3 a5 9. O-O a4 10. Nxa4 Nxe4 11. Nb5 Rxa4 12. Bxa4 Bxb2 13. Rb1 Bg7 14. c4 d6
15. f3 Nc5 16. Bxc5 dxc5 17. Qxd8 Rxd8 18. Rfd1 Nd4 19. Nxd4 Bxd4+ 20. Kf1 Rd6
21. Bc2 b6 22. Rb3 Ba6 23. Bd3 Be5 24. Ke2 Bxh2 25. Rdb1 Rd4 26. Rxb6 Bxc4 27.
Bxc4 Rxc4 28. Kd3 Ra4 29. R1b2 Be5 30. Rc2 c4+ 31. Ke4 Bf6 32. Kd5 c3 33. Rb8+
Kg7 34. Kc5 Be5 35. Rb3 Kf6 36. Kb5 Ra8 37. a4 Rb8+ 38. Kc4 Rc8+ 39. Kb5 Rb8+
40. Kc4 Rc8+ 41. Kd3 Rd8+ 42. Ke2 Ke6 43. Rb5 Kd6 44. Kd3 Kc6+ 45. Kc4 Bf6 46.
Kb3 h5 47. Rb4 Rd1 48. a5 Kc5 49. Ra4 Kb5 50. Ra3 Ka6 51. Kc4 Rb1 52. Kd3
1/2-1/2

[Event "Cto Aragón Equipos DH Gr II"]
[Site "Aragon"]
[Date "2015.02.14"]
[Round "4.32"]
[White "Hernando Garcia, Antonio"]
[Black "Montes Santos, Lorenzo"]
[Result "1/2-1/2"]
[WhiteElo "2176"]
[BlackElo "2064"]
[PlyCount "108"]
[EventDate "2015.01.24"]
[WhiteTeam "El Olivar"]
[BlackTeam "Helios"]

1. Nf3 b6 2. g3 Bb7 3. Bg2 Nf6 4. c4 g6 5. Nc3 Bg7 6. O-O O-O 7. d4 d6 8. d5 c6
9. Nd4 Qc8 10. Bg5 h6 11. dxc6 Nxc6 12. Nxc6 Bxc6 13. Bxc6 Qxc6 14. Bxf6 Bxf6
15. Nd5 Qxc4 16. Nxf6+ exf6 17. Qxd6 Qxe2 18. Qxf6 Rfe8 19. Rad1 Qe6 20. Qxe6
Rxe6 21. Rfe1 Rae8 22. Kf1 Kg7 23. Rxe6 Rxe6 24. Rd7 a5 25. Rb7 h5 26. h4 Rc6
27. Ke1 Kf6 28. Kd2 Ke6 29. Kd3 f6 30. f3 Kf5 31. Rh7 Rc1 32. Rb7 Rc6 33. Rh7
Rc1 34. Rb7 Rc6 35. a4 g5 36. Rh7 Kg6 37. Rh8 gxh4 38. gxh4 Rc1 39. Rb8 Rh1 40.
Rxb6 Rxh4 41. b3 Rh1 42. Kc4 h4 43. Rb8 Kg7 44. Rd8 Rf1 45. Rd4 h3 46. Rg4+ Kf7
47. Rh4 Rxf3 48. b4 axb4 49. Kxb4 Kg6 50. a5 Re3 51. a6 Re7 52. Rxh3 f5 53. Ra3
Ra7 54. Kc5 f4 1/2-1/2

[Event "Cto Aragón Equipos Pref Gr I"]
[Site "Aragon"]
[Date "2015.02.14"]
[Round "4.33"]
[White "Soriano Ascaso, Ignacio"]
[Black "Gines Esteo, Pedro Antonio"]
[Result "1/2-1/2"]
[WhiteElo "2140"]
[BlackElo "2044"]
[PlyCount "135"]
[EventDate "2015.01.24"]
[WhiteTeam "Sabiñanigo"]
[BlackTeam "Ibercaja B"]

1. e4 e5 2. Nf3 Nc6 3. Bc4 Nf6 4. Ng5 d5 5. exd5 Na5 6. Bb5+ Bd7 7. Qe2 Be7 8.
b4 Bxb4 9. Qxe5+ Qe7 10. Bxd7+ Nxd7 11. Qxe7+ Bxe7 12. Nf3 Bf6 13. d4 O-O-O 14.
O-O Nb6 15. Nbd2 Rhe8 16. Nb3 Nac4 17. Bg5 Nxd5 18. Rfe1 Nb4 19. Bxf6 gxf6 20.
c3 Nd5 21. Kf1 b6 22. g3 a5 23. Rac1 a4 24. Nbd2 Nb2 25. Rxe8 Rxe8 26. Ne1 a3
27. c4 Nb4 28. Rc3 Kb7 29. Nef3 Ra8 30. Nb1 Nxa2 31. Rxa3 Nxc4 32. Rxa8 Kxa8
33. Ke2 Nb4 34. Nc3 Kb7 35. Ne4 Nd5 36. Kd3 Nd6 37. Nxd6+ cxd6 38. Nd2 Kc6 39.
h4 b5 40. g4 Kd7 41. Ke4 Ne7 42. d5 Kc7 43. Kd4 f5 44. g5 Kb6 45. h5 Ka5 46. f4
Ka4 47. Nf1 b4 48. Ne3 Kb3 49. Nc4 Nc8 50. Na5+ Kc2 51. Kc4 Nb6+ 52. Kxb4 Nxd5+
53. Kc4 Nxf4 54. Nb7 Nxh5 55. Nxd6 f4 56. Kd4 Kd2 57. Ke4 Ke2 58. Nb5 Kf2 59.
Nd4 Ng3+ 60. Kxf4 Ne2+ 61. Nxe2 Kxe2 62. Ke4 Kf2 63. Kf4 Ke1 64. Ke5 Kf2 65.
Kf4 Ke2 66. Ke4 Kd2 67. Kd4 Ke2 68. Ke4 1/2-1/2

[Event "Cto Aragón Equipos Pref Gr I"]
[Site "Aragon"]
[Date "2015.02.14"]
[Round "4.34"]
[White "Gines Abad, Pedro"]
[Black "Calleja Sanchez, Alfredo"]
[Result "1-0"]
[WhiteElo "2036"]
[BlackElo "1944"]
[PlyCount "45"]
[EventDate "2015.01.24"]
[WhiteTeam "Ibercaja B"]
[BlackTeam "Sabiñanigo"]

1. Nf3 Nf6 2. c4 g6 3. Nc3 Bg7 4. e4 d6 5. d4 O-O 6. h3 e5 7. d5 a5 8. g4 Na6
9. Be3 h5 10. Nh2 hxg4 11. hxg4 Nxe4 12. Nxe4 f5 13. gxf5 gxf5 14. Ng5 Qe8 15.
Bh3 f4 16. Bxc8 Rxc8 17. Bd2 Nc5 18. Qg4 Qg6 19. f3 e4 20. Nxe4 Nd3+ 21. Ke2
Qxg4 22. Nxg4 Nxb2 23. Rag1 1-0

[Event "Cto Aragón Equipos Pref Gr I"]
[Site "Aragon"]
[Date "2015.02.14"]
[Round "4.35"]
[White "Avellanas Tomas, Jose"]
[Black "Eizaguerri Floris, Maria"]
[Result "0-1"]
[WhiteElo "1930"]
[BlackElo "1902"]
[PlyCount "81"]
[EventDate "2015.01.24"]
[WhiteTeam "Sabiñanigo"]
[BlackTeam "Ibercaja B"]

1. d4 d5 2. Nf3 Nf6 3. Bf4 e6 4. e3 Be7 5. Bd3 O-O 6. Nbd2 b6 7. Qe2 Bb7 8. O-O
Nbd7 9. c3 c5 10. Rfe1 Ne4 11. Rad1 Qc8 12. h4 f5 13. Ng5 Bxg5 14. hxg5 Nxd2
15. Rxd2 g6 16. Bb5 Bc6 17. Bd3 Re8 18. g4 fxg4 19. Qxg4 e5 20. dxe5 Nxe5 21.
Qg3 Qe6 22. Bf1 Rad8 23. Bh3 Qe7 24. Red1 Nc4 25. Re2 d4 26. b3 d3 27. Red2
Nxd2 28. Rxd2 Qe4 29. Bg2 Qxg2+ 30. Qxg2 Bxg2 31. Kxg2 b5 32. f3 c4 33. Kf2 b4
34. bxc4 bxc3 35. e4 cxd2 36. Bxd2 Rc8 37. Ke3 Red8 38. e5 Rxc4 39. f4 Rc2 40.
e6 Rxd2 41. Kxd2 0-1

[Event "Cto Aragón Equipos Pref Gr I"]
[Site "Aragon"]
[Date "2015.02.14"]
[Round "4.36"]
[White "Torcal Miguel, Oscar"]
[Black "Climente Martinez, Jose Luis"]
[Result "0-1"]
[WhiteElo "1893"]
[BlackElo "1891"]
[PlyCount "82"]
[EventDate "2015.01.24"]
[WhiteTeam "Ibercaja B"]
[BlackTeam "Sabiñanigo"]

1. d4 d5 2. c4 c6 3. Nc3 Nf6 4. Bf4 dxc4 5. e4 e6 6. Bxc4 Bb4 7. f3 Nbd7 8. a3
Ba5 9. Nge2 O-O 10. O-O Bc7 11. Bg5 e5 12. d5 Nb6 13. Bb3 cxd5 14. Nxd5 Nbxd5
15. Bxd5 Qd6 16. Nc3 Bb6+ 17. Kh1 Nxd5 18. Nxd5 Bd4 19. Be7 Qh6 20. Bxf8 Kxf8
21. Qc2 Bd7 22. Qc7 Bc6 23. Ne7 Bb6 24. Qxe5 Re8 25. Nxc6 Rxe5 26. Nxe5 Bc7 27.
Ng4 Qf4 28. g3 Qd2 29. Rac1 Bb6 30. b4 f6 31. h3 h5 32. Nh2 Bf2 33. Rfd1 Qe2
34. Rd7 Kg8 35. Rcd1 Bxg3 36. R1d2 Qe1+ 37. Kg2 Bf4 38. Rc2 Qg3+ 39. Kh1 Qxh3
40. Rxb7 Bxh2 41. Rxh2 Qf1# 0-1

[Event "Cto Aragón Equipos Pref Gr I"]
[Site "Aragon"]
[Date "2015.02.14"]
[Round "4.37"]
[White "Lopez Caudevilla, David"]
[Black "Jaques Burguete, Raul"]
[Result "1-0"]
[WhiteElo "1978"]
[BlackElo "2009"]
[PlyCount "51"]
[EventDate "2015.01.24"]
[WhiteTeam "Actur Rey Fernando"]
[BlackTeam "St. Casablanca C"]

1. e4 Nc6 2. g3 d5 3. Bg2 Nf6 4. exd5 Nxd5 5. d3 g6 6. Ne2 Bg7 7. Nbc3 Nxc3 8.
bxc3 Bg4 9. f3 Bd7 10. Be3 e5 11. Qd2 h5 12. Rb1 b6 13. O-O h4 14. f4 hxg3 15.
hxg3 Ne7 16. fxe5 Bh3 17. Nd4 Bxe5 18. Qf2 Nf5 19. Nxf5 Bxf5 20. d4 Bd6 21.
Rbe1 Kd7 22. c4 Rh5 23. c5 Be7 24. Qf3 Rb8 25. g4 Qh8 26. gxh5 1-0

[Event "Cto Aragón Equipos Pref Gr I"]
[Site "Aragon"]
[Date "2015.02.14"]
[Round "4.38"]
[White "Antonano Fedz-Quincoces, Aveli"]
[Black "Aviol Perez, Jose Mariano"]
[Result "1-0"]
[WhiteElo "1978"]
[BlackElo "1906"]
[PlyCount "87"]
[EventDate "2015.01.24"]
[WhiteTeam "St. Casablanca C"]
[BlackTeam "Actur Rey Fernando"]

1. e4 d6 2. d4 Nf6 3. Nc3 g6 4. Be3 c6 5. h3 Bg7 6. Nf3 Nbd7 7. e5 Nd5 8. Nxd5
cxd5 9. exd6 exd6 10. Bd3 O-O 11. O-O Re8 12. c3 $138 Nf6 13. Bg5 Bd7 14. Nh2
b5 15. Qf3 Rb8 16. Bxf6 Qxf6 17. Qxd5 b4 18. Rfe1 Rec8 19. Ba6 Be6 20. Qa5 Rc6
21. Ng4 Bxg4 22. hxg4 bxc3 23. bxc3 Qf4 24. Rab1 Rcb6 25. Rxb6 axb6 26. Qd5 Bh6
27. Bc4 Rf8 28. g3 Qf6 29. f4 Qd8 30. Rb1 Qc7 31. g5 Bg7 32. g4 Rb8 33. Re1 b5
34. Bb3 Qd7 35. f5 Re8 36. Qxf7+ Qxf7 37. Rxe8+ Bf8 38. Bxf7+ Kxf7 39. Rb8 h6
40. Rxf8+ Kxf8 41. gxh6 gxf5 42. gxf5 Kg8 43. f6 Kf7 44. h7 1-0

[Event "Cto Aragón Equipos Pref Gr I"]
[Site "Aragon"]
[Date "2015.02.14"]
[Round "4.39"]
[White "Fernandez Sierra, Pedro Jose"]
[Black "Alvarez Gonzalo, Miguel Angel"]
[Result "1/2-1/2"]
[WhiteElo "1750"]
[BlackElo "1944"]
[PlyCount "83"]
[EventDate "2015.01.24"]
[WhiteTeam "Actur Rey Fernando"]
[BlackTeam "St. Casablanca C"]

1. e4 c5 2. Nf3 Nf6 3. Nc3 d6 4. d4 cxd4 5. Nxd4 a6 6. f3 e5 7. Nb3 Be6 8. Be3
Nbd7 9. Qd2 b5 10. O-O-O Be7 11. g4 Nb6 12. g5 Nfd7 13. h4 Qc7 14. Kb1 b4 15.
Nd5 Nxd5 16. exd5 Bf5 17. Bd3 Bxd3 18. Qxd3 a5 19. h5 a4 20. Nd2 Rc8 21. Ne4 a3
22. b3 f5 23. gxf6 Nxf6 24. Nxf6+ Bxf6 25. Qb5+ Ke7 26. Qd3 Qc3 27. Qxc3 Rxc3
28. Bd2 Rxf3 29. Bxb4 Ra8 30. c4 Rf2 31. Rd2 Rf4 32. Re2 Kd7 33. Bc3 h6 34. Kc2
Rf5 35. Ba1 Rf4 36. Bc3 Rf5 37. Ba1 Rb8 38. Bc3 Rf4 39. Kd3 Rf3+ 40. Kc2 Rf5
41. Ba1 Rf4 42. Bc3 1/2-1/2

[Event "Cto Aragón Equipos Pref Gr I"]
[Site "Aragon"]
[Date "2015.02.14"]
[Round "4.40"]
[White "Lafarga Bueno, Daniel"]
[Black "Arbiol Val, Sergio"]
[Result "1-0"]
[WhiteElo "1910"]
[BlackElo "1676"]
[PlyCount "51"]
[EventDate "2015.01.24"]
[WhiteTeam "St. Casablanca C"]
[BlackTeam "Actur Rey Fernando"]

1. c4 e5 2. g3 Bc5 3. Bg2 Nf6 4. Nc3 O-O 5. a3 a5 6. e3 Re8 7. Nge2 e4 8. f3
exf3 9. Bxf3 c6 10. Nf4 d6 11. d4 Bb6 12. O-O Be6 13. Nxe6 fxe6 14. Rb1 Nbd7
15. b4 axb4 16. axb4 e5 17. c5 Bc7 18. cxd6 Bxd6 19. b5 e4 20. bxc6 bxc6 21.
Bg2 Nb6 22. Qc2 Ba3 23. Qb3+ Nbd5 24. Bxa3 Qa5 25. Nxd5 Nxd5 26. Bc5 1-0

[Event "Cto Aragón Equipos Pref Gr I"]
[Site "Aragon"]
[Date "2015.02.14"]
[Round "4.41"]
[White "Ferrer Echavarri, Fco Javier"]
[Black "Guetas Sanchez, Hugo"]
[Result "0-1"]
[WhiteElo "1953"]
[BlackElo "2173"]
[PlyCount "64"]
[EventDate "2015.01.24"]
[WhiteTeam "ONCE Aragon B"]
[BlackTeam "La Aurora Estadilla B"]

1. d4 Nf6 2. c4 e6 3. Nc3 Bb4 4. e3 c5 5. Nge2 b6 6. a3 Ba5 7. Rb1 Qe7 8. Bd2
Ba6 9. Nb5 Bxd2+ 10. Qxd2 d5 11. Nec3 cxd4 12. exd4 O-O 13. Qf4 Nc6 14. Qc7
Bxb5 15. Qxe7 Nxe7 16. cxb5 Nf5 17. Rd1 e5 18. dxe5 Rfe8 19. Bd3 Rxe5+ 20. Kd2
d4 21. Ne2 Nd6 22. Kc2 Ng4 23. Rhf1 Nxh2 24. Rh1 Ng4 25. Bxh7+ Kf8 26. Bd3 Rc8+
27. Kb1 Nxf2 28. Rh8+ Ke7 29. Rxc8 Nxc8 30. Nxd4 Nxd1 31. Nc6+ Kd6 32. Nxe5
Kxe5 0-1

[Event "Cto Aragón Equipos Pref Gr I"]
[Site "Aragon"]
[Date "2015.02.14"]
[Round "4.42"]
[White "Felez Casedas, Carlos"]
[Black "Sanz Lopez, Ruben"]
[Result "1-0"]
[WhiteElo "2013"]
[BlackElo "1936"]
[PlyCount "61"]
[EventDate "2015.01.24"]
[WhiteTeam "La Aurora Estadilla B"]
[BlackTeam "ONCE Aragon B"]

1. Nf3 c5 2. g3 Nc6 3. d3 g6 4. Bg2 Bg7 5. O-O d6 6. e4 Bd7 7. c3 e6 8. Bf4 Qc7
9. Na3 a6 10. d4 cxd4 11. cxd4 e5 12. dxe5 dxe5 13. Be3 b5 14. Bc5 Nge7 15. Rc1
Qd8 16. Qd2 O-O 17. Rfd1 Be6 18. Qe3 Qe8 19. Nc2 Rd8 20. Nb4 Rxd1+ 21. Rxd1
Nxb4 22. Bxb4 Bf6 23. Qa3 Bc8 24. Rd6 Kg7 25. Qc3 Rg8 26. Rxf6 Nd5 27. exd5
Kxf6 28. Bd6 Kg7 29. Bxe5+ f6 30. Bxf6+ Kf8 31. Ng5 1-0

[Event "Cto Aragón Equipos Pref Gr I"]
[Site "Aragon"]
[Date "2015.02.14"]
[Round "4.43"]
[White "Sanz Barrionuevo, Alberto"]
[Black "Puertolas Serena, Arturo"]
[Result "1-0"]
[WhiteElo "1932"]
[BlackElo "1919"]
[PlyCount "69"]
[EventDate "2015.01.24"]
[WhiteTeam "ONCE Aragon B"]
[BlackTeam "La Aurora Estadilla B"]

1. e4 c6 2. d4 d5 3. exd5 cxd5 4. Bb5+ Nc6 5. Nf3 Bg4 6. Qd3 Bxf3 7. Qxf3 Nf6
8. Nc3 e6 9. O-O Be7 10. Be3 O-O 11. Bxc6 bxc6 12. Rfc1 Qa5 13. a3 Qb6 14. Na4
Qb5 15. b3 Ne4 16. Qd1 c5 17. dxc5 Nxc5 18. c4 dxc4 19. Nxc5 Bxc5 20. Bxc5 Qxc5
21. Rxc4 Qb6 22. Rac1 Rad8 23. Qf3 h6 24. Rc7 Qd4 25. g3 Qb2 26. b4 Rd2 27. Rc8
Rdd8 28. R8c7 Rd2 29. R1c3 Qa1+ 30. Kg2 Rd1 31. Rxf7 Rg1+ 32. Kh3 Qf1+ 33. Kg4
h5+ 34. Kg5 Rd8 35. Rxg7+ 1-0

[Event "Cto Aragón Equipos Pref Gr I"]
[Site "Aragon"]
[Date "2015.02.14"]
[Round "4.44"]
[White "Pellicer Cerezuela, Miguel"]
[Black "Lanaspa Ballesteros, Federico"]
[Result "1-0"]
[WhiteElo "1862"]
[BlackElo "1611"]
[PlyCount "59"]
[EventDate "2015.01.24"]
[WhiteTeam "La Aurora Estadilla B"]
[BlackTeam "ONCE Aragon B"]

1. d4 Nf6 2. c4 c5 3. d5 e5 4. Nc3 d6 5. e4 Be7 6. Bd3 Nbd7 7. Nf3 O-O 8. O-O
Ne8 9. Be3 g6 10. Bh6 Ng7 11. Qc2 Nf6 12. h3 Kh8 13. Nd2 Ng8 14. Be3 a6 15. f4
exf4 16. Bxf4 Bg5 17. Bh2 f5 18. Nf3 fxe4 19. Nxe4 Be3+ 20. Kh1 Nf5 21. Qc3+
Nf6 22. Rae1 Bh6 23. Neg5 Bg7 24. Qc2 Bd7 25. Ne6 Bxe6 26. Rxe6 Ne8 27. Rfe1
Qb6 28. Bxf5 gxf5 29. b3 f4 30. Ng5 1-0

[Event "Cto Aragón Equipos Pref Gr I"]
[Site "Aragon"]
[Date "2015.02.14"]
[Round "4.45"]
[White "Cifuentes Parada, Roberto"]
[Black "Arino Castan, Federico"]
[Result "1-0"]
[WhiteElo "2461"]
[BlackElo "1777"]
[PlyCount "37"]
[EventDate "2015.01.24"]
[WhiteTeam "Jaque"]
[BlackTeam "Binefar"]

1. d4 Nf6 2. c4 d5 3. cxd5 g6 4. Qa4+ Nbd7 5. Nc3 Bg7 6. e4 O-O 7. Nf3 Nb6 8.
Qc2 e6 9. dxe6 Bxe6 10. Be2 Bg4 11. Be3 Re8 12. O-O-O Qe7 13. h3 Bd7 14. Ne5
Qb4 15. g4 Re6 16. g5 Ne8 17. Nxd7 Nxd7 18. Bg4 Re7 19. Nd5 1-0

[Event "Cto Aragón Equipos Pref Gr I"]
[Site "Aragon"]
[Date "2015.02.14"]
[Round "4.46"]
[White "Saura Solano, Jose Luis"]
[Black "Perez Puyal, Jose Joaquin"]
[Result "1-0"]
[WhiteElo "1764"]
[BlackElo "1922"]
[PlyCount "79"]
[EventDate "2015.01.24"]
[WhiteTeam "Binefar"]
[BlackTeam "Jaque"]

1. d4 Nf6 2. g3 c6 3. c4 d5 4. Bg2 g6 5. Nf3 Bg7 6. O-O O-O 7. cxd5 cxd5 8. Nc3
Nc6 9. Qb3 Na5 10. Qd1 b6 11. Ne5 Bb7 12. Bg5 Ne4 13. Nxe4 dxe4 14. b4 f6 15.
bxa5 fxe5 16. dxe5 Bxe5 17. Rb1 Bd4 18. e3 Bc5 19. Qa4 Qd5 20. Bh6 Rf5 21. Rfd1
Qf7 22. Qd7 e5 23. Bh3 Qxd7 24. Rxd7 Bc6 25. Bxf5 gxf5 26. Rg7+ Kh8 27. Rf7 Rg8
28. Rxf5 Rg6 29. Bg5 Ba4 30. axb6 axb6 31. Bf6+ Kg8 32. Bxe5 Bc2 33. Rc1 Bd3
34. Bc7 Re6 35. Rd5 Kf7 36. Rf5+ Kg6 37. Rd5 Re7 38. Bxb6 Bxb6 39. Rd6+ Kg7 40.
Rxb6 1-0